000
00300nam a22001217a 4500
008
170529b xxu||||| |||| 00| 0 eng d
041
_a
eng
080
_a
94(7/8)
100
_a
16
101
_a
SHH
245
_a
UNITED STATES AND THE LATIN AMERICA EEVULITION
_c
NEEDLER.M.C
942
_2
udc
_c
BK
999
_c
14966
_d
14966